000 01295nam a2200253 a 4500
001 000026978
003 OSt
005 20260305073951.0
008 110328s1982 dr 000 0 spa d
040 _aDO-SdBNP
_bspa
_cBNPHU
082 4 _a336.34
_bD313s
_222
245 0 3 _aLos déficit del sector público en la República Dominicana /
_cedición de Frank Moya Pons.
260 _aSanto Domingo :
_bFORUM,
_c1982.
300 _a177 p. ;
_c22 cm.
490 _aFORUM
_v4
505 0 _aIntroducción /
_rFrank Moya Pons --
_tPalabras de Don Rafael Herrera --
_tLas causas del déficit del sector público dominicano /
_rVicente Bengoa --
_tDebate --
_tEl financiamiento del resultado presupuestario /
_rLuis García Recio --
_tDebate --
_tEfectos sobre la economía dominicana del déficit del sector público /
_rBernardo Vega --
_tDebate --
_tLos déficit del sector público en América Latina y el caso de Costa Rica /
_rRodolfo Silva --
_tDebate.
590 _aInventariado, 2018/LP
650 4 _aDéficit presupuestal
_xCongresos, conferencias, etc.
_954075
650 4 _aSector público
_zRepública Dominicana
_xCongresos, conferencias, etc.
_954076
700 1 2 _aMoya Pons, Frank,
_d1944-
_eed.
_92095
830 0 _aFORUM ;
_v4
_97431
910 _aValidado. Control de calidad MFF
942 _2ddc
_cLBS1
999 _c26470
_d26470